| 000 | 00693nam a2200205Ii 4500 | ||
|---|---|---|---|
| 003 | JO-AjNU | ||
| 008 | 230605s9999||||xx |||||||||||||| ||und|| | ||
| 017 | _a1988/289 | ||
| 040 |
_aJO-AjNU _bara _erda _cJO-AjNU |
||
| 041 | _aara | ||
| 050 | 1 | 4 | _aHB135.J8522.1988 |
| 100 | 3 |
_aالجومرد، اثيل عبدالجبار, _eauthor _939585 |
|
| 245 | 0 | 0 | _aمقدمة في الرياضيات الاقتصادية |
| 264 | 3 | 1 | _aالموصل:وزارة التعليم العالي والبحث العلمي،1988 |
| 300 | _a272ص | ||
| 336 |
_atext _btxt _2rdacontent |
||
| 337 |
_aunmediated _bn _2rdamedia |
||
| 338 |
_avolume _bnc _2rdacarrier |
||
| 650 | 4 |
_aاقتصاد رياضي. _939586 |
|
| 999 |
_aA16730 _c20298 _d20298 |
||